000 01069nam a22003017a 4500
003 CHAP
005 20220329135015.0
008 971013s1982 r 00010 d
010 _a29450
011 _a30422
035 _a34534
040 _cCHAP
082 _a338.17
_bL4
100 0 0 _aLeos Rodríguez, Juan Antonio.
_966243
245 _aNotas y lecturas complementarias al Curso Mercados y Análisis de Precios de Productos Agrícolas
260 _aChapingo, Méx. :
_bColegio de Postgraduados,
_c1982
300 _a159 p.
_b: ilus. ; gráfs.
590 _aBATCH-UPD
_b10
_c20130110
_lUCH01
_h1046
590 _aBATCH-UPD
_b10
_c20130410
_lUCH01
_h0644
590 _aBATCH-UPD
_b10
_c20130914
_lUCH01
_h1722
590 _aCONVERSION
_b10
_c20130109
_lUCH01
_h1317
650 1 4 _aProductos agrícolas
_xAspectos económicos
_zMéxico.
_991919
650 1 4 _aProductos agrícolas
_xMercadeo
_zMéxico.
_991999
650 1 4 _aProductos agrícolas
_xPrecios
_zMéxico.
_992029
901 _aBK
942 _cLIBRO
949 _a338.17 L4
_bBC
_cUACH
_d-79862
_eUACH
_h57907
_i34534
_si
999 _c29450
_d29450